Statistics for Russian Cities by their Former Names

Click here to take the quiz!

General Stats

  • This quiz has been taken 154 times
  • The average score is 5 of 17

Answer Stats

Current NameYearsFORMER NAME% Correct
Saint Petersburg1924-1991Leningrad
98%
Volgograd1925-1961Stalingrad
88%
Saint Petersburg1914-1924Petrograd
64%
Nizhny Novgorod1932-1990Gorky
52%
Yekaterinburg1924-1991Sverdlovsk
40%
Samara1935-1991Kuybyshev
27%
Volgograd1589-1925Tsaritsyn
26%
Ulyanovsk1648-1924Simbirsk
18%
Naberezhnye Chelny1982-1988Brezhnev
16%
Krasnodar1794-1920Yekaterinodar
14%
Perm1940-1957Molotov
13%
Tolyatti1737-1964Stavropol-on-Volga
11%
Novosibirsk1893-1926Novonikolayevsk
9%
Makhachkala1857-1921Petrovsk-Port
8%
Kemerovo1918-1932Shcheglovsk
5%
Novokuznetsk1932-1961Stalinsk
5%
Izhevsk1984-1987Ustinov
5%

Score Distribution

Percentile by Number Answered

Percent of People with Each Score

Your Score History

You have not taken this quiz